Statistics for Mystery Country #9

Click here to take the quiz!

General Stats

  • This quiz has been taken 196 times
    (152 since last reset)
  • The average score is 11 of 17

Answer Stats

AnswersClues% Correct
Papua New Guinea2. What country, despite having only 7 million residents, has over 800 indigenous languages?
100%
1. What is the capital of the Czech Republic?The Mystery Country is not in Oceania
98%
St. Petersburg3. What is Russia's former capital and second largest city?
82%
Shanghai4. What major city is located on the Yangtze River Delta?
81%
Recife5. What city, starting with the letter R, is the eastern-most major city in South America?
78%
The Mystery Country its flag has red in it
78%
The Mystery Country has a population of around 18 million
74%
The Mystery Country is not in North America
63%
Hudson Bay6. What bay touches Quebec, Ontario, Manitoba, and Nunavut?
62%
Sinai7. What is the largest peninsula of Egypt?
59%
Kaliningrad8. What part of Russia, taken from Germany, is not connected to the rest?
57%
The Mystery Country is a landlocked country
51%
The Mystery Country has French as an official language
47%
In the Mystery Country you should drive on the right side of the road
42%
The Mystery Country is:
42%
The Mystery Country its capital city starts with a B
42%
Answer to Q1 is PragueMali
27%

Score Distribution

Percentile by Number Answered

Percent of People with Each Score

Your Score History

You have not taken this quiz since the last reset